LEADER 01051nam0 2200313 450 001 000033694 005 20121108131656.0 010 $a978-1-84996-690-0 100 $a20121031d2008----km-y0itaa50------ba 101 0 $aeng 102 $aUS 200 1 $aGraph Theory$fJ. A. Bondy, U. S. R. Murty 210 $aNew York$cSpringer$d2008 215 $aXII, 657 p.$cfotografie$d24 cm 225 2 $aGraduate texts in mathematics$v244 410 0$12001$aGraduate texts in mathematics$v244 606 1 $aGrafi 676 $a511.5$v(22. ed.)$9Teoria dei grafi 700 1$aBondy,$bJohn Adrian$026241 701 1$aMurty,$bU. S. R.$026242 801 0$aIT$bUniversità della Basilicata - B.I.A.$gRICA$2unimarc 912 $a000033694 996 $aGraph Theory$996747 997 $aUNIBAS BAS $aSCIENZE CAT $aSTD084$b01$c20121031$lBAS01$h0934 CAT $aTTM$b30$c20121108$lBAS01$h1316 FMT Z30 -1$lBAS01$LBAS01$mBOOK$1BASA2$APolo Tecnico-Scientifico$2DID$BDidattica$3PTS.s5.p3.16$6111458$5T111458$820121031$f98$FConsultazione